| 000 | 00820nam a2200253 a 4500 | ||
|---|---|---|---|
| 001 | BRCA_4646 | ||
| 005 | 20190320204741.0 | ||
| 008 | 010507s2000 sp-#######---#000-0#spa-# | ||
| 020 | _a8488333455 | ||
| 041 | _aspa | ||
| 044 | _asp | ||
| 050 | 4 |
_aPQ6425 _b.B35 2000 |
|
| 245 | 1 | 0 |
_aBaldo _b(Sevilla, Dominico de Robertis, 1542) : guía de lectura _cpor Folke Gernert. |
| 260 |
_aAlcalá de Henares [España] : _bCentro de Estudios Cervantinos, _c2000. |
||
| 300 |
_a104 p. _c24 cm. |
||
| 440 | 0 |
_aGuías de lectura caballeresca _v38 _911760 |
|
| 500 | _aIncluye índice general de la colección | ||
| 504 | _aBibliografía: p. 99-100 | ||
| 630 | 0 | 4 |
_aCuarto Libro del Renaldos de Montalbán. _911761 |
| 650 | 1 | 4 |
_aLiteratura _zEspaña _911762 |
| 700 | 1 |
_aGernert, Folke _911763 |
|
| 902 | _aCERV | ||
| 942 |
_2lcc _cB |
||
| 999 |
_c4349 _d4349 |
||